| 000 | 008850000a22002170004500 | ||
|---|---|---|---|
| 020 | _a978-958-714-187-0 | ||
| 041 | 0 | _aSpa. | |
| 082 | 0 | 4 | _aG 362.76 G172m |
| 100 | 1 | _aGallo, Héctor | |
| 245 | 1 | 0 | _aMaltrato infantil: teoría clínica psicoanalítica / Héctor Gayo |
| 260 | _aMedellín : Editorial Universidad de Antioquia | ||
| 300 | _a230 Pg. | ||
| 440 | 0 | _aCol. Psicoanálisis, sujeto, sociedad | |
| 505 | 0 | 0 | _aMaltrato, subjetividad y autoridad \ Declinación del padre de familia \ Maltrato y responsabilidad \ Prostitución, voluptuosidad, explotación y acoso sexual \ Actualidad de la salud mental y lugar del sujeto |
| 650 | 1 | 4 | _aABUSO DEL NIÑO - ASPECTOS PSICOLÓGICOS \ NIÑOS - LEGISLACION \ Violencia familiar |
| 001 | 14926 | ||
| 942 | _cBK | ||
| 999 |
_c43744 _d43744 |
||
| 336 |
_atexto _btxt _2rdacontent |
||
| 337 |
_2rdamedia _asin mediación _bn |
||
| 338 |
_2rdacarrier _avolumen _bnc |
||